000 00499nam a2200157 a 4500
001 000048210
005 20201002061007.0
008 181205s2016 000 spa d
020 _a9789945167245
040 _aDO-SdBNP
_bspa
_cBNPHU
082 _axxx
_bD286j
245 0 _aDebate jurídico sobre la reforma constitucional :. :
_bcompilación de trabajos - paneles I y II.
260 _aSanto Domingo :
_bFundación Equidad,
_c2016.
300 _a88 p. :
_b28 cm.
590 _aInventariado, 2019 / DG
999 _c47698
_d47698